000 00646nam a2200217 a 4500
001 000022930
005 20260213105849.0
008 101123s2001 mx r 001 0 spa d
020 _a9681908538
040 _aDO-SdBNP
_bspa
_cBNPHU
082 _a659.1
_bF385c
100 1 _aFerrer Rodríguez, Eulalio,
_947143
245 1 0 _aCartas a una joven publicista :
_bdoce cartas y una posdata /
_cEulalio Ferrer Rodríguez.
260 _aMéxico :
_bAlfagura,
_c2001.
300 _a149 p. ;
_c22 cm.
490 1 _aAlfaguara
490 1 _aCircular
500 _aIncluye índice
650 0 _aPublisidad
_913236
830 0 _aAlfaguara.
_pCircular
_947144
999 _c22427
_d22427